[Event "16th Asian Games Rapid Women"]
[Site "Guangzhou CHN"]
[Date "2010.11.13"]
[Round "2"]
[White "Enkhtuul,A"]
[Black "Muminova,N"]
[Result "1/2-1/2"]
[WhiteElo "2121"]
[BlackElo "2360"]

1.Nf3 d5 2.g3 Bg4 3.Bg2 Nd7 4.c4 dxc4 5.Qa4 c6 6.Qxc4 Ngf6 7.d4 e6 8.Ne5 Bf5
9.Nxd7 Qxd7 10.Nc3 Rd8 11.e3 Be7 12.O-O O-O 13.e4 Bg6 14.Rd1 b5 15.Qe2 b4
16.e5 bxc3 17.exf6 c2 18.Re1 Bxf6 19.Be4 Bxe4 20.Qxe4 Bxd4 21.Qxc2 c5 22.Be3 Rb8
23.Rab1 Rfd8 24.Red1 Qb7 25.b4 Bxe3 26.Rxd8+ Rxd8 27.bxc5 Qf3 28.fxe3 Qxe3+
29.Kf1 g6 30.Rb3 Qe5 31.c6 Rc8 32.Rc3 Qf5+ 33.Qxf5 gxf5 34.Kf2 Kf8 35.Ke3 Ke7
36.Kf4 f6 37.Rb3 Kd6 38.Ra3 Rc7 39.Ra6 Kd5 40.a3 Kc5 41.a4 Kb4 42.h3 h6 43.g4 fxg4
44.hxg4 Kc5 45.Ke4 Kd6 46.Kf4 Kd5 47.Kf3 e5 48.Ke3 h5 49.gxh5 f5 50.Ra5+ Kd6
51.h6 Rh7 52.Ra6 Rc7 53.h7 Rxh7 54.c7+ Kd7 55.Rxa7 Rh3+ 56.Ke2 f4 57.Kf2 e4
58.c8=Q+ Kxc8 59.Rf7 f3 60.a5 Rh2+ 61.Kf1 Kb8 62.Rf4 Re2 63.Rf7 Ka8 64.Kg1 Ra2
65.Rf4 Ra4 66.Kf1 Kb7 67.Rf5 Ka6 68.Re5 Ra1+ 69.Kf2 Ra2+ 70.Kf1 Re2 71.Kg1 Rg2+
72.Kf1 Re2 73.Kg1 Ka7 74.Kf1 e3 75.Re7+ Ka6 76.Re5 Rf2+ 77.Ke1  1/2-1/2

[Event "e2e4 Brighton Congress Open"]
[Site "Brighton ENG"]
[Date "2010.11.14"]
[Round "4"]
[White "Mangione,C"]
[Black "Burrows,M"]
[Result "1-0"]
[WhiteElo "2099"]
[BlackElo "2174"]

1.g3 d5 2.Nf3 Nf6 3.Bg2 Nbd7 4.c4 dxc4 5.Na3 Nb6 6.Nxc4 Nxc4 7.Qa4+ c6 8.Qxc4 Be6
9.Qc2 Bd5 10.d3 e5 11.e4 Be6 12.O-O Nd7 13.d4 Bd6 14.b3 Bg4 15.Bb2 Bxf3 16.Bxf3 Qf6
17.Bg2 exd4 18.f4 Bc5 19.Kh1 O-O 20.Rad1 Rad8 21.Qc4 Qe7 22.Bxd4 Bxd4 23.Qxd4 Nb6
24.Qf2 g6 25.h3 Kg7 26.Rd4 c5 27.Rdd1 Qc7 28.Qb2+ Kg8 29.Qf6 Nd7 30.Qc3 Nb8
31.e5 b6 32.Qf3 Na6 33.a3 Qe7 34.Qe4 Nb8 35.Rfe1 Qe6 36.b4 Qb3 37.Rxd8 Rxd8
38.bxc5 bxc5 39.Re3 Qd1+ 40.Kh2 Qd4 41.Qf3 Nc6 42.e6 Ne7 43.Qb7 Kf8 44.Re4 Qd6
45.exf7 a5 46.Qb3 Qd5 47.Qe3 Qxf7 48.Qxc5 Re8 49.Qxa5 Kg7 50.Qb5 h5 51.h4 Rd8
52.Qb2+ Kg8 53.Rd4 Rc8 54.Qb7 Rc2 55.Rd7 Re2 56.a4 Kf8 57.Rd8+ Kg7 58.Rd7 Kf8
59.Qb8+ Kg7 60.Qd6 Kh6 61.Qc5 Qe6 62.Qd4 Kh7 63.Rd8 g5 64.hxg5 Qc6 65.Rh8+ Kg6
66.Rh6+  1-0

[Event "FSFMA November"]
[Site "Budapest HUN"]
[Date "2010.11.14"]
[Round "9"]
[White "Tessedik,K"]
[Black "Koczo,K"]
[Result "0-1"]
[WhiteElo "1993"]
[BlackElo "2187"]

1.Nf3 d5 2.g3 g6 3.Bg2 Bg7 4.d3 e5 5.Nbd2 Ne7 6.e4 d4 7.a4 c5 8.Nc4 Nbc6
9.Bd2 O-O 10.Qc1 f5 11.Bh6 Qc7 12.Bxg7 Kxg7 13.h4 f4 14.h5 Bg4 15.hxg6 hxg6
16.Ng5 Rh8 17.f3 Bd7 18.Kf2 Rxh1 19.Qxh1 Rh8 20.Qf1 fxg3+ 21.Kxg3 Qd8 22.Kf2 Ng8
23.f4 exf4 24.Nf3 g5 25.Qg1 g4 26.Nfe5 Qh4+ 27.Ke2 Nxe5 28.Nxe5 Be6 29.Rf1 Qg5
30.Nc4 Bxc4 31.dxc4  0-1

[Event "16th Asian Games Rapid"]
[Site "Guangzhou CHN"]
[Date "2010.11.14"]
[Round "3"]
[White "Nguyen Ngoc Truong Son"]
[Black "Filippov,An UZB"]
[Result "1/2-1/2"]
[WhiteElo "2628"]
[BlackElo "2620"]

1.Nf3 d5 2.g3 Bg4 3.Bg2 Nd7 4.d3 c6 5.O-O Ngf6 6.h3 Bh5 7.Qe1 e5 8.e4 dxe4
9.dxe4 Bxf3 10.Bxf3 a5 11.a4 Bb4 12.Qe2 O-O 13.Nd2 Qc7 14.Nc4 Rfd8 15.Ne3 Nf8
16.c3 Bc5 17.Qc4 Ne6 18.Ng4 Nxg4 19.Bxg4 Qe7 20.b3 b6 21.Ra2 Rd6 22.Rd2 Rxd2
23.Bxd2 Rd8 24.Bc1 g6 25.h4 h5 26.Bf3 Rd6 27.Kg2 Qd7 28.Qe2 Rd3 29.Rd1 Rxd1
30.Qxd1 Qxd1 31.Bxd1 Bd6 32.Bd2 Kf8 33.Be3 Bc5 34.Bh6+ Ke7 35.Kf1 b5 36.Bd2 bxa4
37.bxa4 Bd6 38.Ke2 Nc5 39.Bc2 Bc7 40.f4 Ke6 41.Be3 Bd6 42.Kf3 exf4 43.gxf4 f5
44.exf5+ gxf5 45.Bf2 Kf6 46.Bd4+ Kg6 47.Be5 Be7 48.Bc7 Nb7 49.Kg3 Bd6 50.Bb6 Bc5
51.Bc7 Bd6 52.Bb6 Bc5 53.Bxc5 Nxc5 54.Kf3 Nb7 55.Ke3 c5 56.Kd3 Nd6 57.Bd1 Kh6
58.Bf3 Kg6 59.Bd5  1/2-1/2

[Event "FSIM November"]
[Site "Budapest HUN"]
[Date "2010.11.15"]
[Round "10"]
[White "Biro,D"]
[Black "Oparin,G"]
[Result "1/2-1/2"]
[WhiteElo "2211"]
[BlackElo "2306"]

1.Nf3 d5 2.g3 Nf6 3.Bg2 c6 4.O-O Bg4 5.d4 e6 6.b3 Nbd7 7.Bb2 Bd6 8.Nbd2 O-O
9.Ne5 Bh5 10.Ndf3 Qe7 11.c4 Ba3 12.Bxa3 Qxa3 13.cxd5 exd5 14.Nxd7 Nxd7 15.Qd2 Rfe8
16.e3 a5 17.Rfc1 Qd6 18.Ne1 Nf6 19.Nd3 Ne4 20.Qb2 Ng5 21.Ne5 f6 22.Nd3 Bg4
23.Nc5 Re7 24.Kh1 h5 25.f4 Ne6 26.Qd2 Nxc5 27.Rxc5 Rae8 28.Re1 b6 29.Rcc1 Re6
30.Kg1 Bf5 31.Kf2 g6 32.Bf3 Kg7 33.Re2 Qb4 34.Qc3 Qe7 35.Rce1 Rd8 36.Rc1 Rh8
37.Rce1 Re8 38.Rc1 Bg4 39.h4 Bxf3 40.Kxf3 Rd6 41.Qd3 Qd7 42.Kg2 Re4 43.Rf2 Rde6
44.Rf3 Qd6 45.Rc2 Qb4 46.Kf2 Qd6 47.Qa6 Qc7 48.Qa8 f5  1/2-1/2

[Event "16th Asian Games Rapid"]
[Site "Guangzhou CHN"]
[Date "2010.11.16"]
[Round "9"]
[White "Moradiabadi,E"]
[Black "Battulga,N"]
[Result "0-1"]
[WhiteElo "2575"]
[BlackElo "2428"]

1.Nf3 d5 2.g3 Nf6 3.Bg2 e6 4.O-O Be7 5.d3 O-O 6.Nbd2 c5 7.e4 Nc6 8.e5 Nd7
9.Re1 f5 10.exf6 Nxf6 11.c4 Bd7 12.b3 Ng4 13.h3 Bf6 14.Rb1 Nge5 15.Nxe5 Nxe5
16.Nf1 Kh8 17.Bf4 Nc6 18.Bd6 Be7 19.Bxe7 Nxe7 20.d4 cxd4 21.Qxd4 Nf5 22.Qe5 Qb6
23.Rb2 Nd4 24.Rd2 Nf3+ 25.Bxf3 Rxf3 26.Qd4 Qxd4 27.Rxd4 Raf8 28.Re2 Bc6 29.cxd5 Bxd5
30.Ne3 Bc6 31.Red2 g6 32.h4 Kg7 33.R4d3 e5 34.Ng4 R3f5 35.Ne3 R5f7 36.Rc3 Re7
37.Kf1 Bf3 38.Ke1 Rff7 39.Rc8 Rd7 40.Rcc2 Be4 41.Rxd7 Rxd7 42.Rd2 Rc7 43.Nc4 Bf3
44.Rc2 Rd7 45.Nd2 Bg4 46.f3 Bf5 47.Rc3 h5 48.Ke2 Kf6 49.Ke3 g5 50.hxg5+ Kxg5
51.Ne4+ Bxe4 52.Kxe4 Kf6 53.Rc8 Rd4+ 54.Ke3 h4 55.g4 Rd1 56.Rf8+ Kg7 57.Rf5 h3
58.Rh5 Rh1 59.Ke4 h2 60.Kf5 e4  0-1

[Event "VI World Blitz"]
[Site "Moscow RUS"]
[Date "2010.11.16"]
[Round "3.4"]
[White "Karjakin,Sergey"]
[Black "Savchenko,B"]
[Result "0-1"]
[WhiteElo "2760"]
[BlackElo "2632"]

1.Nf3 d5 2.g3 Nf6 3.Bg2 c6 4.O-O Bf5 5.d3 Nbd7 6.Nh4 Be6 7.Nd2 g6 8.Ndf3 Bg7
9.Ng5 Nf8 10.Nxe6 Nxe6 11.e3 O-O 12.f4 Qb6 13.Kh1 Rad8 14.Qe2 Rfe8 15.Nf3 Nc5
16.Ne5 Nfd7 17.Nxd7 Rxd7 18.e4 dxe4 19.dxe4 Red8 20.e5 Qa6 21.Qf2 Na4 22.c3 Qd3
23.Re1 e6 24.Be3 Qb5 25.Rab1 Bf8  0-1

[Event "VI World Blitz"]
[Site "Moscow RUS"]
[Date "2010.11.16"]
[Round "7.8"]
[White "Ponomariov,R"]
[Black "Grachev,B"]
[Result "1-0"]
[WhiteElo "2744"]
[BlackElo "2654"]

1.Nf3 d5 2.g3 c6 3.Bg2 Bf5 4.O-O h6 5.d3 e6 6.c4 dxc4 7.dxc4 Nd7 8.Nc3 Ngf6
9.a3 a5 10.Bf4 Be7 11.Ne5 O-O 12.Rc1 Nxe5 13.Bxe5 Ng4 14.Bf4 e5 15.Bd2 Qb6
16.h3 Nf6 17.Na4 Qc7 18.Be3 Be4 19.Qb3 Bxg2 20.Kxg2 Nd7 21.Rfd1 Rfe8 22.Rd2 Bg5
23.Rcd1 Nf6 24.Bb6 Qe7 25.e3 h5 26.Qc2 e4 27.Bc5 Qe6 28.Nb6 Rab8 29.Bd6 Rbd8
30.c5 h4 31.Qc4 Qf5 32.Qe2 hxg3 33.fxg3 Qg6 34.Nc4 Nd5 35.Rxd5 cxd5 36.Rxd5 Bf6
37.Nxa5 Rd7 38.Nc4 Rdd8 39.Qg4 Qh6 40.Rh5 Qg6 41.Qxg6 fxg6 42.Rd5 Rd7 43.h4 Rf7
44.Bf4 Be7 45.b4 Rd8 46.Re5 Rd3 47.Rxe4 Rc3 48.Ne5 Rc2+ 49.Kh3 Rf6 50.Nxg6 Bxc5
51.h5 Bf8 52.Re8 Rf2 53.Be5 R6f5 54.Kg4 Kh7 55.Bd6 Rf6 56.Nxf8+  1-0

[Event "VI World Blitz"]
[Site "Moscow RUS"]
[Date "2010.11.17"]
[Round "16.7"]
[White "Karjakin,Sergey"]
[Black "Movsesian,S"]
[Result "0-1"]
[WhiteElo "2760"]
[BlackElo "2721"]

1.Nf3 d5 2.g3 c6 3.Bg2 Nf6 4.O-O Bg4 5.d3 Nbd7 6.Nbd2 e5 7.h3 Bh5 8.Qe1 Bd6
9.e4 O-O 10.Nh4 Re8 11.a4 a5 12.Nf5 Bb4 13.Kh2 dxe4 14.dxe4 Nc5 15.Qe3 Bxd2
16.Bxd2 Ncxe4 17.Bc1 Nd6 18.Nxg7 Kxg7 19.Qh6+ Kh8 20.Bg5 Bg6 21.Rad1 Re6
22.f4 exf4 23.Rxf4 Qe7 24.Rxf6 Rxf6 25.Rf1 Ne8 26.Qh4 Kg7 27.Bh6+ Kg8 28.Bg5 Qe2
29.Rxf6 Nxf6 30.Bxf6 h5 31.Bc3 Kh7 32.Qf6 Rg8 33.Bxa5 Be4 34.Qxf7+ Rg7 35.Qf1 Qxc2
36.Bc3 Re7 37.Kg1  0-1

[Event "1st Open"]
[Site "Brno CZE"]
[Date "2010.11.18"]
[Round "7"]
[White "Vorobyov,Y"]
[Black "Paral,S"]
[Result "1/2-1/2"]
[WhiteElo "2235"]
[BlackElo "2085"]

1.Nf3 d5 2.g3 c6 3.Bg2 Bg4 4.O-O Nf6 5.d3 Nbd7 6.Nbd2 e6 7.e4 Bd6 8.h3 dxe4
9.dxe4 Bxf3 10.Qxf3 O-O 11.Qe2 Qc7 12.f4 g6 13.Kh2 Nh5 14.Nc4 Bc5 15.e5 Rfe8
16.Be3 Bf8 17.Rad1 Ng7 18.g4 Nb6 19.Nd6 Red8 20.Ne4 Nd5 21.Bc1 Ne8 22.a3 Nb6
23.c4 Rxd1 24.Rxd1 Rd8 25.c5 Nd5 26.g5 Ng7 27.Bd2 Nh5 28.Rf1 b6 29.cxb6 axb6
30.Nf6+ Nhxf6 31.gxf6 Qd7 32.Bc1 b5 33.h4 b4 34.a4 b3 35.Qc4 Rb8 36.h5 Rb4
37.Qa6 Rb6 38.Qe2 Rb4 39.a5 Qa7 40.Bd2 Ra4 41.Bxd5 cxd5 42.Rf3 Ra1 43.Qe3 Qa6
44.Rf2  1/2-1/2

[Event "VI World Blitz"]
[Site "Moscow RUS"]
[Date "2010.11.18"]
[Round "38"]
[White "Radjabov,T"]
[Black "Gelfand,B"]
[Result "1-0"]
[WhiteElo "2744"]
[BlackElo "2741"]

1.Nf3 d5 2.g3 c6 3.Bg2 Nf6 4.c4 g6 5.cxd5 cxd5 6.d4 Bg7 7.Nc3 O-O 8.Ne5 e6
9.O-O Nfd7 10.Nf3 Nf6 11.Bg5 h6 12.Bf4 Nc6 13.Rc1 Bd7 14.Bd6 Re8 15.e3 Bf8
16.Bxf8 Kxf8 17.Ne5 Qa5 18.a3 Rec8 19.h4 Be8 20.Nd3 Kg7 21.g4 Qd8 22.f4 Ne4
23.Nxe4 dxe4 24.Nc5 Qxh4 25.Nxe4 Ne7 26.Rxc8 Rxc8 27.Nd6 Rb8 28.e4 Bd7 29.Qf3 Nc8
30.Nc4 Bb5 31.b3 Nb6 32.f5 exf5 33.gxf5 Nxc4 34.bxc4 Bxc4 35.f6+ Kg8 36.Rc1 b5
37.d5 Qg5 38.Rd1 Qe5 39.Qf2 Rb6 40.Qd4 Qg5 41.e5 Be2 42.Qd2 Qxe5 43.Re1 Rxf6
44.Qxe2 Qd6 45.Qe5 Qb6+ 46.Qe3 Qc7 47.Rc1 Qd7 48.Rc6 Rf5 49.d6 Rg5 50.Qf3 Qe6
51.Qf2 a5 52.Ra6 b4 53.axb4 axb4 54.Rb6 b3 55.Qd2 Qe5 56.Rxb3 Qa1+ 57.Kf2 Qa7+
58.Re3 Rf5+ 59.Kg1 Re5 60.Kf2 Rf5+ 61.Kg1 Re5 62.d7 Rxe3 63.d8=Q+ Kh7 64.Q8d4 Re1+
65.Kh2 Qb8+ 66.Q4f4  1-0

[Event "Panam-Cont 2010"]
[Site "Cali COL"]
[Date "2010.11.19"]
[Round "5"]
[White "Sanabria Rangel,S"]
[Black "Cori,J"]
[Result "1/2-1/2"]
[WhiteElo "2335"]
[BlackElo "2502"]

1.Nf3 d5 2.g3 Nf6 3.d4 Bg4 4.Ne5 Bf5 5.Bg2 c6 6.f3 Nbd7 7.g4 Be6 8.Nd3 g6
9.Bf4 Bg7 10.c3 h5 11.g5 Nh7 12.Nd2 O-O 13.Qc2 Rc8 14.Qa4 a5 15.h4 b5 16.Qa3 Ra8
17.O-O b4 18.Qb3  1/2-1/2

[Event "TCh-AUT 2010-11"]
[Site "Graz AUT"]
[Date "2010.11.20"]
[Round "2.2"]
[White "Hera,I"]
[Black "Bogner,S"]
[Result "1/2-1/2"]
[WhiteElo "2565"]
[BlackElo "2540"]

1.Nf3 d5 2.g3 Nf6 3.Bg2 g6 4.O-O Bg7 5.d4 O-O 6.Nbd2 c6 7.c4 Bf5 8.b3 Ne4
9.Bb2 Nd7 10.Nh4 Nxd2 11.Qxd2 Be6 12.cxd5 cxd5 13.Qb4 Nb6 14.a4 a5 15.Qd2 Nd7
16.Ba3 Re8 17.Nf3 Bf5 18.Nh4 Be6 19.Nf3 Bf5 20.Nh4  1/2-1/2

[Event "16th Asian Games Team Men"]
[Site "Guangzhou CHN"]
[Date "2010.11.20"]
[Round "3"]
[White "Nguyen Ngoc Truong Son"]
[Black "Wang Hao"]
[Result "1/2-1/2"]
[WhiteElo "2628"]
[BlackElo "2727"]

1.Nf3 d5 2.g3 Nf6 3.Bg2 g6 4.O-O Bg7 5.c4 dxc4 6.Qa4+ Nfd7 7.Qxc4 O-O 8.d3 Nb6
9.Qc2 Nc6 10.Nc3 e5 11.Bg5 Nd4 12.Qd2 f6 13.Be3 c6 14.Ne4 Nxf3+ 15.Bxf3 f5
16.Nc3 Be6 17.Rfd1 Rf7 18.Bg2 Qf8 19.Qe1 Nd5 20.Nxd5 Bxd5 21.Bxd5 cxd5 22.Qa5 f4
23.Bd2 Qd6 24.Rac1 Qe6 25.Rc7 b6 26.Qc3 e4 27.Qc6 Qxc6 28.Rxc6 fxg3 29.hxg3 exd3
30.e3 Bxb2 31.Bc3 Bxc3 32.Rxc3 Rd8 33.Rcxd3 Rfd7 34.e4 Kf7 35.exd5 Ke7 36.Kg2 Kd6
37.R3d2 Rc8 38.Re2 Re7 39.Rxe7 Kxe7 40.Rh1 Rh8 41.Kf3 Kd6 42.Ke4 h5 43.Rc1 g5
44.Rc6+ Kd7 45.Kf5 Rf8+ 46.Ke5 Re8+ 47.Kf5 Rf8+ 48.Ke5 Rxf2 49.Rh6 Re2+ 50.Kd4 h4
51.gxh4 gxh4 52.Rh7+ Kc8 53.Rxa7 h3 54.Rh7 h2 55.a4 Kd8 56.d6 Rd2+ 57.Ke5 Re2+
58.Kd5 Rc2 59.Ke6 Re2+ 60.Kd5  1/2-1/2

[Event "TCh-AUT 2010-11"]
[Site "Graz AUT"]
[Date "2010.11.21"]
[Round "3"]
[White "Kilgus,G"]
[Black "Gyimesi,Z"]
[Result "1/2-1/2"]
[WhiteElo "2375"]
[BlackElo "2601"]

1.Nf3 d5 2.g3 Nf6 3.Bg2 c6 4.c4 dxc4 5.O-O Nbd7 6.Na3 Nb6 7.Qc2 Qd5 8.Ne1 Qf5
9.e4 Qh5 10.Nxc4 Nxc4 11.Qxc4 e5 12.d4 exd4 13.Qxd4 Bc5 14.Qc3 O-O 15.Nd3 Bb6
16.e5 Nd5 17.Bxd5 cxd5 18.Nf4 Qf5 19.Be3 Be6 20.Bxb6 axb6 21.Qd4 b5 22.a3 Rac8
23.Rac1 Qe4 24.Qxe4 dxe4 25.Rfe1 Rxc1 26.Rxc1 Rd8 27.Rc5 b6 28.Rc1 Bc4 29.Re1 Rd2
30.b4 Ra2 31.Rxe4 Rxa3 32.Rd4 Kf8 33.Nd5 Rb3 34.Nxb6 Rxb4 35.Nxc4 Rxc4 36.Rd7 Re4
37.f4 g5 38.fxg5 Rxe5 39.h4 Re7 40.Rd8+ Re8 41.Rd3 b4 42.Kf2 Rb8 43.Rb3 Ke7
44.Ke3 Ke6 45.Ke4  1/2-1/2

[Event "16th Asian Games Team Women"]
[Site "Guangzhou CHN"]
[Date "2010.11.21"]
[Round "4"]
[White "Ju Wenjun"]
[Black "Shamima,A"]
[Result "1/2-1/2"]
[WhiteElo "2524"]
[BlackElo "2161"]

1.Nf3 d5 2.g3 Nf6 3.Bg2 c6 4.O-O Bg4 5.d3 Nbd7 6.Qe1 e5 7.e4 dxe4 8.dxe4 Bc5
9.Nbd2 O-O 10.h3 Bh5 11.Nb3 Bb6 12.a4 a5 13.Bd2 Re8 14.Bc3 Qc7 15.Kh1 Bg6
16.Nfd2 Nc5 17.Nxc5 Bxc5 18.Nb3 Bb6 19.Rd1 Nd7 20.Nxa5 Nc5 21.Nc4 Rxa4 22.b3 Ra2
23.Rd2 f6 24.Qe2 Ne6 25.Nxb6 Qxb6 26.f4 Qc5 27.Qf3 exf4 28.gxf4 Bxe4 29.Qxe4 Qxc3
30.Rfd1 Ra1 31.Kh2 Rxd1 32.Rxd1 Nc7 33.Qf5 Re2 34.Rd8+ Ne8 35.Rb8 Qd2 36.Qg4 Kf8
37.Rxb7 Qxc2 38.Rd7 h5 39.Qg3 h4 40.Qg4 Rf2 41.Kg1 Qc5 42.Kh2 Qc2 43.Kg1 Qc5
44.Kh2 Qc2  1/2-1/2

[Event "4th South Bohemia Open"]
[Site "Cesky Krumlov CZE"]
[Date "2010.11.22"]
[Round "2"]
[White "Nikolaeva,M"]
[Black "Piankov,E"]
[Result "0-1"]
[WhiteElo "2075"]
[BlackElo "2341"]

1.Nf3 d5 2.g3 Nf6 3.Bg2 c6 4.b3 Bg4 5.Bb2 Nbd7 6.d3 Qc7 7.c4 e5 8.cxd5 Nxd5
9.O-O Be7 10.Nc3 Nxc3 11.Bxc3 O-O 12.Qc2 Bf6 13.Rfd1 Qb6 14.h3 Bxf3 15.Bxf3 Rfd8
16.Qb2 Re8 17.Rac1 Nf8 18.Be4 Qc7 19.b4 Rad8 20.Bg2 Qd7 21.Qb3 Ne6 22.Qb2 Nc7
23.a4 a6 24.Qb3 Qe6 25.Qxe6 Rxe6 26.b5 cxb5 27.Bxb7 Rb8 28.Ba5 Rxb7 29.Bxc7 h5
30.axb5 axb5 31.Ba5 b4 32.Rc8+ Kh7 33.Rb1 Be7 34.Rb3 Ra6 35.Bd8 Bd6 36.Bg5 f6
37.Bc1 Ra2 38.Kf1 Kg6 39.Rc6 Be7 40.Bb2 Kf7 41.e3 Ra8 42.Kg2 Ke8 43.d4 exd4
44.exd4 Kd7 45.Rc2 Rc7 46.Re2 Kc6 47.Bc1 Kb5 48.Bf4 Rd7 49.d5 Bd6 50.Re4 Bc5
51.Bd2 Ra4 52.Rd3 Ra3 53.Rxa3 bxa3 54.Bc3 Rxd5 55.Re2 Kc4 56.Ba1 Kb3 57.g4 hxg4
58.hxg4 Rd1  0-1

[Event "4th South Bohemia Open"]
[Site "Cesky Krumlov CZE"]
[Date "2010.11.24"]
[Round "4"]
[White "Vorobyov,Y"]
[Black "Lauko,M"]
[Result "1-0"]
[WhiteElo "2235"]
[BlackElo "1989"]

1.Nf3 d5 2.g3 Nf6 3.Bg2 g6 4.c4 c6 5.b3 Bg7 6.Bb2 O-O 7.O-O dxc4 8.bxc4 Nh5
9.Bxg7 Nxg7 10.d4 Nf5 11.Nc3 e6 12.e4 Nd6 13.c5 Ne8 14.e5 b6 15.Qa4 b5 16.Qb3 a5
17.Ne4 Qd5 18.Qe3 Kg7 19.Nd6 Nxd6 20.cxd6 b4 21.Ng5 Qb5 22.Ne4 Nd7 23.Rfc1 Qb6
24.Nf6 Nb8 25.Ng4 f5 26.Qh6+ Kg8 27.Nf6+ Rxf6 28.exf6 Ra7 29.d5 Qd8 30.dxc6 Qxf6
31.d7 Ba6 32.Qe3 Rc7 33.Qxe6+  1-0

[Event "16th Asian Games Team Men"]
[Site "Guangzhou CHN"]
[Date "2010.11.24"]
[Round "7"]
[White "Rahman,Zia"]
[Black "Barsov,A"]
[Result "1/2-1/2"]
[WhiteElo "2527"]
[BlackElo "2507"]

1.Nf3 d5 2.g3 g6 3.c4 d4 4.b4 Bg7 5.d3 e5 6.Bb2 Ne7 7.Bg2 a5 8.b5 c5 9.bxc6 Nexc6
10.O-O O-O 11.Na3 Na6 12.Nb5 Re8 13.Ba3 Nab4 14.Nd2 Bf8 15.Qc1 Bg4 16.Re1 Rc8
17.Qb2 Be6 18.Rad1 f5 19.Nb3 b6 20.Qb1 Qd7 21.Bb2 Bg7 22.e3 dxe3 23.fxe3 Red8
24.Bf1 Qf7 25.Na3 Qf8 26.Nb5 Qf7 27.Na3 Qf8 28.Nb5  1/2-1/2

[Event "TCh-SVK Extraliga 2010-11"]
[Site "Cadca SVK"]
[Date "2010.11.27"]
[Round "1"]
[White "Dors,R"]
[Black "Jurcik,Mart"]
[Result "1-0"]
[WhiteElo "2241"]
[BlackElo "2378"]

1.Nf3 d5 2.g3 Nc6 3.c4 d4 4.d3 e5 5.Bg2 Bb4+ 6.Nbd2 a5 7.O-O Nf6 8.a3 Be7
9.b3 O-O 10.Bb2 h6 11.Ne1 Bf5 12.Nc2 Qd7 13.Nf3 Rfe8 14.Qd2 Bh3 15.b4 Bf8
16.b5 Nb8 17.e3 dxe3 18.fxe3 Bxg2 19.Kxg2 Qd6 20.e4 Nbd7 21.Ne3 g6 22.Rad1 Bg7
23.Qc2 c6 24.a4 Qc7 25.Ba3 cxb5 26.axb5 Nc5 27.Nd5 Nxd5 28.exd5 b6 29.d4 exd4
30.Nxd4 Re3 31.Bc1 Re4 32.Nc6 Rae8 33.Rf2 Qd7 34.h3 Nb7 35.d6 f5 36.Ba3 Nc5
37.Rd5 Ne6 38.Ne7+ Kh7 39.Rdxf5 gxf5 40.Rxf5 Nd4 41.Qxe4 Qxf5 42.Qxf5+ Nxf5
43.Nxf5 Re2+ 44.Kf3 Ra2 45.Ke4 Bf6 46.c5 Rxa3 47.c6 Kg6 48.c7 Rc3 49.Nd4 Rc4
50.Kf3 Rc3+ 51.Ke2 a4 52.Nc6 a3 53.c8=Q Rc2+ 54.Kd1 a2 55.Ne5+ Kh7 56.Qxc2+  1-0

[Event "11th Puhajarve Rapid"]
[Site "Harjumaa EST"]
[Date "2010.11.27"]
[Round "11"]
[White "Ehlvest,J"]
[Black "Valgmae,Toomas"]
[Result "1-0"]
[WhiteElo "2586"]
[BlackElo "2190"]

1.Nf3 d5 2.g3 Nf6 3.Bg2 Bf5 4.O-O e6 5.d3 c6 6.Nh4 Bg4 7.h3 Bh5 8.g4 Bg6
9.e3 Nbd7 10.Nd2 Bd6 11.f4 Qb6 12.Qe2 O-O-O 13.a4 a6 14.a5 Qc7 15.b3 Kb8
16.Bb2 h6 17.Nxg6 fxg6 18.c4 e5 19.cxd5 Nxd5 20.Bxd5 cxd5 21.Rfc1 Nc5 22.b4  1-0

[Event "11th Puhajarve Rapid"]
[Site "Harjumaa EST"]
[Date "2010.11.27"]
[Round "14"]
[White "Ehlvest,J"]
[Black "Kantans,T"]
[Result "0-1"]
[WhiteElo "2586"]
[BlackElo "2342"]

1.Nf3 d5 2.g3 g6 3.Bg2 Bg7 4.c4 c6 5.O-O Nf6 6.d4 O-O 7.b3 Bf5 8.Bb2 a5 9.Nbd2 a4
10.e3 Ne4 11.Nxe4 Bxe4 12.Ba3 Re8 13.Qe2 Nd7 14.Rfc1 e5 15.dxe5 Bxf3 16.Bxf3 Nxe5
17.Bg2 axb3 18.axb3 dxc4 19.Rd1 Nd3 20.Bb2 Nxb2 21.Rxa8 Qxa8  0-1

[Event "11th Puhajarve Rapid"]
[Site "Harjumaa EST"]
[Date "2010.11.27"]
[Round "21"]
[White "Sepp,O"]
[Black "Valgmae,Toomas"]
[Result "1-0"]
[WhiteElo "2490"]
[BlackElo "2190"]

1.Nf3 d5 2.g3 Nf6 3.Bg2 Bf5 4.O-O e6 5.d3 c6 6.Nbd2 h6 7.Ne5 Nbd7 8.Nxd7 Qxd7
9.e4 dxe4 10.dxe4 Bg6 11.Qe2 Bc5 12.a4 a6 13.Nc4 Bh7 14.Rd1 Qe7 15.c3 O-O
16.b4 Ba7 17.Bf4 Rfd8 18.Bd6 Qe8 19.a5 Rac8 20.Nb6 e5 21.Qc4 g5 22.f3 Rd7
23.Bc7 Kg7 24.Qc5 Re7 25.Rd6 g4 26.Qe3 Re6 27.Rad1 Qe7 28.Rxe6 Qxe6 29.Rd6 Qb3
30.Rxf6 Qd1+ 31.Bf1 Kxf6 32.Qxh6+ Ke7 33.Qh4+ Kf8 34.Qxg4 Re8 35.Qh5 Kg8
36.Qg5+ Bg6 37.Kg2 Qd7 38.Bc4 Kh7 39.g4 Qe7 40.Qxe7 Rxe7 41.h4 f6 42.Bd8 Rd7
43.Bxf6 Rd2+ 44.Kg3 Rc2 45.Bxe5 Rd2 46.h5 Be8 47.Kh4 Rf2 48.Kg3 Rf1 49.Kf4 Rd1
50.Be6 Rd3 51.Bf5+ Kg8 52.h6 Bg6 53.Bxg6 Rd7 54.h7+  1-0

[Event "11th Puhajarve Rapid"]
[Site "Harjumaa EST"]
[Date "2010.11.27"]
[Round "24"]
[White "Sepp,O"]
[Black "Ladva,O"]
[Result "0-1"]
[WhiteElo "2490"]
[BlackElo "1998"]

1.Nf3 d5 2.g3 Nf6 3.Bg2 Bf5 4.O-O Nbd7 5.d3 c6 6.Nbd2 e6 7.b3 Be7 8.Bb2 O-O
9.Re1 a5 10.a3 h6 11.e4 dxe4 12.dxe4 Bh7 13.Qe2 Qc7 14.Nd4 Rfd8 15.a4 Ne5
16.Nc4 Nfd7 17.f4 Nxc4 18.Qxc4 Nb6 19.Qe2 Bc5 20.Rad1 e5 21.fxe5 Qxe5 22.c3 Qe6
23.Qc2 Nd7 24.Kh1 Qe8 25.Nf5 Ne5 26.c4 Ng4 27.Nxg7 Qe7 28.h3 Nf2+ 29.Kh2 Rxd1
30.Qxd1 Rd8 31.Qg4 Qg5 32.Nh5 Qxg4 33.Nf6+ Kg7 34.Nxg4+ Kf8 35.Nf6 Bg6 36.h4 Rd2
37.Be5 Be7 38.g4 Bxf6 39.Bxf6 Bxe4  0-1

[Event "11th Puhajarve Rapid"]
[Site "Harjumaa EST"]
[Date "2010.11.27"]
[Round "24"]
[White "Kantans,T"]
[Black "Nyback,T"]
[Result "0-1"]
[WhiteElo "2342"]
[BlackElo "2650"]

1.Nf3 d5 2.g3 c6 3.Bg2 Bg4 4.O-O Nd7 5.c4 e6 6.d4 Bd6 7.Nc3 Bxf3 8.Bxf3 f5
9.Bg2 Ngf6 10.f3 dxc4 11.e4 fxe4 12.fxe4 e5 13.d5 O-O 14.Be3 Bc5 15.Bxc5 Nxc5
16.Qe2 b5 17.dxc6 Nd3 18.Nd5 Rc8 19.a4 bxa4 20.h3 Rxc6 21.Rxa4 Nxd5 22.Rxf8+ Qxf8
23.exd5 Qc5+ 24.Kh2 Rf6 25.Qc2 Rf2 26.Qxc4 Qxc4 27.Rxc4 Ne1 28.Kg1 Rxg2+
29.Kf1 Rc2 30.Ra4 Nf3 31.d6 Rd2 32.Rxa7 Rxd6 33.Ke2 Nd4+ 34.Ke3 Nc6 35.Rc7 h6
36.Ke4 Kh7 37.h4 Rd4+ 38.Kf5 Nb4 39.Kxe5 Rd2 40.Rb7 Rxb2 41.Kf5 Nd3 42.Rd7 Rb5+
43.Ke4 Nc5+ 44.Kd4  0-1

[Event "60th ch-RUS w"]
[Site "Moscow RUS"]
[Date "2010.11.27"]
[Round "11"]
[White "Galliamova,A"]
[Black "Kosintseva,T"]
[Result "1/2-1/2"]
[WhiteElo "2487"]
[BlackElo "2581"]

1.Nf3 d5 2.g3 Bg4 3.Bg2 c6 4.b3 Nd7 5.Bb2 Ngf6 6.O-O e6 7.c4 Bd6 8.d4 O-O
9.Nbd2 Qe7 10.Ne5 Bf5 11.Nxd7 Nxd7 12.e4 dxe4 13.Nxe4 Ba3 14.Bc3 Bb4 15.Bb2 Ba3
16.Bc3 Bb4 17.Bb2 Ba3 18.Bc3 Bb4  1/2-1/2

[Event "WY U-16 Olympiad"]
[Site "Burdur TUR"]
[Date "2010.11.28"]
[Round "2"]
[White "Stukopin,A"]
[Black "Grigoryan,K2"]
[Result "0-1"]
[WhiteElo "2458"]
[BlackElo "2368"]

1.Nf3 d5 2.g3 Nf6 3.Bg2 Bg4 4.c4 c6 5.O-O Nbd7 6.cxd5 cxd5 7.Nc3 e6 8.h3 Bxf3
9.Bxf3 Bd6 10.d3 O-O 11.e4 dxe4 12.dxe4 Qe7 13.Qe2 Rfd8 14.Rd1 Ne5 15.Bg2 Nc6
16.Be3 Bc5 17.e5 Nxe5 18.Bxc5 Qxc5 19.Bxb7 Rab8 20.Bg2 h5 21.Na4 Qa5 22.b3 h4
23.Rac1 Rxd1+ 24.Qxd1 hxg3 25.fxg3 Rd8 26.Qe1 Qd2 27.Qxd2 Rxd2 28.Rc5 Nd5
29.Be4 f5 30.Bxd5 exd5 31.Kf1 Nf3 32.Nc3 d4 33.Nd5 Nh2+ 34.Ke1 Rxa2 35.Ne7+ Kf7
36.Nxf5 Nf3+ 37.Kd1 d3 38.Ne3 Ke6 39.Rc3 Ra1+ 40.Rc1 Rxc1+ 41.Kxc1 Ke5 42.Kd1 Ke4
43.Nc4 Kd4 44.Nd6 g6 45.Nb5+ Ke3 46.Nxa7 Nd4 47.Nc8 Nb5  0-1

[Event "TCh-FIN 2010-11"]
[Site "Helsinki FIN"]
[Date "2010.11.28"]
[Round "2.2"]
[White "Seeman,T"]
[Black "Nieminen,K"]
[Result "1-0"]
[WhiteElo "2420"]
[BlackElo "2180"]

1.Nf3 d5 2.g3 Bg4 3.Bg2 c6 4.c4 e6 5.cxd5 exd5 6.O-O Nd7 7.d3 Ngf6 8.Nc3 Bc5
9.a3 a5 10.h3 Bxf3 11.Bxf3 O-O 12.Qc2 h6 13.e4 Ne5 14.Be2 dxe4 15.dxe4 Qe7
16.Kg2 Ng6 17.f4 Rad8 18.e5 Nd5 19.Nxd5 Rxd5 20.Bc4 Qd8 21.Kh2 Ba7 22.Bxd5 Qxd5
23.Bd2 Ne7 24.Rae1 Qb5 25.Bc1 Nd5 26.Qe2 Qb3 27.Qf3 Qc2+ 28.Re2 Qc4 29.Re4 Qa2
30.f5 Re8 31.f6 Nc7 32.Rg4 g6 33.Rxg6+ fxg6 34.f7+  1-0

[Event "XXIII Belgrade Trophy"]
[Site "Obrenovac SRB"]
[Date "2010.11.29"]
[Round "6.42"]
[White "Okilj,T"]
[Black "Halldorsson,J"]
[Result "0-1"]
[WhiteElo "1945"]
[BlackElo "2196"]

1.Nf3 d5 2.g3 Nf6 3.Bg2 c5 4.O-O Nc6 5.d3 e5 6.e4 dxe4 7.dxe4 Qxd1 8.Rxd1 Bg4
9.Re1 Nd4 10.Nxd4 cxd4 11.c3 Bc5 12.Bd2 O-O 13.h3 Bh5 14.cxd4 Bxd4 15.Bc3 Rfd8
16.Bxd4 Rxd4 17.Nc3 Rad8 18.f3 Rd2 19.Red1 Nxe4 20.Re1 Nxc3 21.bxc3 f6 22.f4 exf4
23.g4 Bf7 24.Rf1 g5 25.Bxb7 R8d3 26.Rf3 Rxf3 27.Bxf3 Rd3 28.Kf2 Rd2+ 29.Kg1 Rxa2
30.Rxa2 Bxa2 31.Kf2 Kf7 32.Ke2 Ke6 33.Kd3 Ke5  0-1

[Event "Vasylyshyn Memorial WGM"]
[Site "Lviv UKR"]
[Date "2010.11.30"]
[Round "8"]
[White "Fominykh,M"]
[Black "Gasik,An"]
[Result "1-0"]
[WhiteElo "2309"]
[BlackElo "2196"]

1.Nf3 d5 2.g3 Nf6 3.Bg2 c6 4.b3 Bg4 5.Bb2 Nbd7 6.d3 Qc7 7.Nbd2 e5 8.h3 Bh5
9.e4 Bd6 10.Qe2 dxe4 11.dxe4 O-O 12.O-O b5 13.a4 a6 14.Rfe1 Rfe8 15.Ra2 Nc5
16.Qe3 Bxf3 17.Qxf3 Ne6 18.Rea1 Rad8 19.axb5 axb5 20.Nf1 Bc5 21.c3 Qd7 22.b4 Bb6
23.Ra6 Rb8 24.h4 Nc7 25.R6a2 Qg4 26.Bc1 Qxf3 27.Bxf3 Ra8 28.h5 Kf8 29.h6 g6
30.Nd2 Ng8 31.Rxa8 Rxa8 32.Rxa8+ Nxa8 33.Nb3 Ke7 34.Bg4 Kd6 35.Kf1 Nf6 36.Bf3 Nc7
37.Nd2 Na6 38.Be2 Ng8 39.Nf3 f6 40.Nh4 g5 41.Nf5+ Ke6 42.Bh5 Bd8 43.Be8 Nb8
44.Be3 Nd7 45.Bh5 Bc7 46.Bd1 c5 47.bxc5 Kf7 48.Bb3+ Kf8 49.c6 Nb8 50.Bc5+  1-0